Who governs ?. Democracy and power in an american city
Αποθηκεύτηκε σε:
| Κύριος συγγραφέας: | |
|---|---|
| Μορφή: | Βιβλίο |
| Γλώσσα: | Αγγλικά |
| Έκδοση: |
New Haven
Yale University
1961
|
| Θέματα: | |
| Ετικέτες: |
Προσθήκη ετικέτας
Δεν υπάρχουν, Καταχωρήστε ετικέτα πρώτοι!
|
MARC
| LEADER | 00000nam a2200000 a 4500 | ||
|---|---|---|---|
| 001 | UCT7003 | ||
| 003 | CL-VaPUC | ||
| 008 | 970116e19610000US |||||||||||||||||eng|d | ||
| 082 | 0 | 4 | |a 321.804 |b DAH |2 21 |
| 100 | 0 | |a Dahl, Robert Alan |e author |9 377536 | |
| 245 | 1 | 0 | |a Who governs ?. Democracy and power in an american city |
| 300 | |a 355 p | ||
| 942 | |c BK | ||
| 945 | |d 19970116 00:00:00 |a paguirre | ||
| 260 | |a New Haven |b Yale University |c 1961 | ||
| 650 | 0 | |a Gobierno |9 255508 | |
| 650 | 0 | |a Democracia |9 255256 | |
| 650 | 7 | |a SISTEMAS POLITICOS |2 CL-VaPUC |9 377537 | |
| 650 | 0 | |a Ciudades |9 265474 | |
| 650 | 7 | |a GOBIERNO MUNICIPAL |2 CL-VaPUC |9 342634 | |
| 650 | 0 | |a Centros urbanos |9 357921 | |
| 651 | 0 | |a Estados Unidos |9 255178 | |
| 651 | 7 | |a NEW HAVEN |2 CL-VaPUC |9 377538 | |
| 583 | |a last modification |c 19970116 00:00:00 |k Rodrigo Vera | ||
| 999 | |c 255667 |d 255665 | ||
| 952 | |0 0 |1 0 |4 0 |6 321_804000000000000_DAH_1961 |7 0 |8 A |9 278032 |a BIBDER |b BIBDER |d 2019-11-19 |i 180510K |o 321.804 DAH 1961 |p 180510K |r 2023-01-25 |w 2019-11-19 |y BK |k DER | ||